[Event "Tilburg"]
[Site "Tilburg"]
[Date "1991.??.??"]
[Round "6"]
[White "Kasparov, Garry"]
[Black "Short, Nigel D"]
[Result "1/2-1/2"]
[WhiteElo "2770"]
[BlackElo "2660"]
[PlyCount "115"]
[EventDate "1991.10.??"]
[Source "ChessBase"]

1. e4 e6 2. d4 d5 3. exd5 exd5 4. Nf3 Bg4 5. h3 Bh5 6. Qe2+ Qe7 7. Be3 Nc6 8. Nc3 O-O-O 9. g4 Bg6 10. O-O-O f6 11. a3 Qd7 12. Nd2 f5 13. Nb3 Nf6 14. f3 Bd6 15. Qd2 Rhe8 16. Bg5 fxg4 17. hxg4 Qf7 18. Nb5 Kb8 19. Nxd6 cxd6 20. Bd3 Bxd3 21. Qxd3 h6 22. Bd2 Re6 23. Na5 Nxa5 24. Bxa5 Rde8 25. Bd2 Nd7 26. Rde1 Nf8 27. Rxe6 Rxe6 28. Rh5 Rf6 29. f4 Ne6 30. f5 Nd8 31. b4 Nc6 32. b5 Ne7 33. a4 Nc8 34. a5 Qe8 35. Rh3 Rf7 36. Re3 Re7 37. Rxe7 Qxe7 38. Qf3 Qf7 39. Bb4 Kc7 40. Qc3+ Kd8 41. Qf3 Kc7 42. Kd2 Kd8 43. Kd1 Kc7 44. Be1 Ne7 45. a6 b6 46. Bh4 g5 47. Bf2 Qf6 48. Qh1 Kd7 49. c4 Ke8 50. Kd2 Kf7 51. cxd5 Kg7 52. Kd3 Qf7 53. Bg3 Qe8 54. Kc4 Nxf5 55. gxf5 Qe2+ 56. Kc3 Qe3+ 57. Kc4 Qe2+ 58. Kc3 1/2-1/2

[Event "PCA/Intel-GP"]
[Site "London"]
[Date "1995.??.??"]
[Round "2"]
[White "Ivanchuk, Vassily"]
[Black "Dreev, Alexey"]
[Result "1/2-1/2"]
[WhiteElo "2740"]
[BlackElo "2670"]
[PlyCount "93"]
[EventDate "1995.08.??"]
[Source "ChessBase"]

1. e4 e6 2. d4 d5 3. exd5 exd5 4. Nf3 c6 5. Bd3 Bd6 6. O-O Ne7 7. Bg5 O-O 8. Nbd2 f6 9. Bh4 Bf5 10. Nb3 Nd7 11. Bg3 Bxg3 12. hxg3 Re8 13. Re1 Bxd3 14. Qxd3 Ng6 15. a4 Rxe1+ 16. Rxe1 Qf8 17. a5 Re8 18. Rxe8 Qxe8 19. Qc3 Qe2 20. Nc5 Nxc5 21. Qxc5 a6 22. Qb6 Qe7 23. Kf1 Nf8 24. Ne1 Ne6 25. Nd3 Kf7 26. f4 Ke8 27. g4 Nd8 28. Qc5 Qe3 29. Qb4 Qe6 30. f5 Qe4 31. Qe1 Qxe1+ 32. Kxe1 Nf7 33. Nc5 Nd6 34. Ke2 g6 35. c3 Kf7 36. Kf3 Kg7 37. Kf4 h5 38. gxh5 gxh5 39. b3 Kf7 40. g3 Ke7 41. Kf3 Ke8 42. Kf2 Ke7 43. Kg2 Kf7 44. Kf3 Ke7 45. Kf4 Kf7 46. Ne6 Kg8 47. Nc5 1/2-1/2

[Event "Wijk aan Zee"]
[Site "?"]
[Date "1996.??.??"]
[Round "?"]
[White "Ivanchuk, V."]
[Black "Dreev, A."]
[Result "1/2-1/2"]
[WhiteElo "2735"]
[BlackElo "2670"]
[PlyCount "75"]
[EventDate "1996.??.??"]
[Source "ChessBase"]
[SourceDate "1995.10.01"]

1. e4 e6 2. d4 d5 3. exd5 exd5 4. Nf3 Nc6 5. h3 Bf5 6. Bd3 Bxd3 7. Qxd3 Bd6 8. Nc3 Nge7 9. Nb5 a6 10. Nxd6+ Qxd6 11. O-O O-O 12. Bd2 Rfe8 13. Rae1 Ng6 14. Re2 Rxe2 15. Qxe2 Qd7 16. Re1 Qf5 17. c3 Qc2 18. Bc1 Qxe2 19. Rxe2 h5 20. Ne1 f6 21. Nd3 Kf7 22. Bf4 Rc8 23. g4 hxg4 24. hxg4 Nxf4 25. Nxf4 Ne7 26. f3 Re8 27. g5 Rc8 28. gxf6 Kxf6 29. Re5 c6 30. Re6+ Kf7 31. Rd6 Rc7 32. Nd3 Nf5 33. Ne5+ Ke7 34. Rg6 Rc8 35. Rg5 Ke6 36. a4 a5 37. Kf2 Rh8 38. Rg6+ 1/2-1/2

[Event "Tilburg"]
[Site "?"]
[Date "1991.??.??"]
[Round "?"]
[White "Kasparov, Garry"]
[Black "Kortchnoi, V."]
[Result "1-0"]
[WhiteElo "2770"]
[BlackElo "2610"]
[PlyCount "89"]
[EventDate "1991.??.??"]
[Source "ChessBase"]
[SourceDate "1991.10.01"]

1. e4 e6 2. d4 d5 3. exd5 exd5 4. Nf3 Nf6 5. Bd3 c5 6. O-O c4 7. Re1+ Be7 8. Bf1 O-O 9. Bg5 Bg4 10. h3 Bxf3 11. Qxf3 Nc6 12. c3 Qd7 13. Nd2 Rae8 14. b3 b5 15. bxc4 bxc4 16. Rab1 Bd8 17. h4 Rxe1 18. Rxe1 Re8 19. Rb1 h6 20. Bxf6 Bxf6 21. g3 Ne7 22. Qd1 g5 23. hxg5 hxg5 24. Bg2 g4 25. Nf1 Bg5 26. Rb2 Kg7 27. Qb1 Rc8 28. Re2 Rc6 29. Re5 f6 30. Re2 Rb6 31. Qd1 Nf5 32. Re1 Nh6 33. Qe2 Kf7 34. f4 gxf3 35. Qxf3 Rd6 36. Re5 Kg7 37. Rxd5 Rxd5 38. Qxd5 Qa4 39. Qb7+ Kg6 40. Bc6 Qa5 41. Be8+ Kf5 42. Qh7+ Kg4 43. Qe4+ Kh3 44. Bd7+ f5 45. Qg2+ 1-0

[Event "World Blitz"]
[Site "Moscow RUS"]
[Date "2007.11.21"]
[Round "13"]
[White "Rublevsky, S."]
[Black "Kasimdzhanov, R."]
[Result "1-0"]
[WhiteElo "2676"]
[BlackElo "2690"]
[PlyCount "49"]
[EventDate "2007.11.21"]
[Source "www.chesslib.no"]
[SourceDate "2004.05.04"]

1. e4 e6 2. d4 d5 3. exd5 exd5 4. Nf3 Bg4 5. h3 Bh5 6. Qe2+ Be7 7. Qb5+ Nd7 8. Qxd5 Ngf6 9. Qb3 O-O 10. Be2 c5 11. O-O cxd4 12. Nxd4 Nc5 13. Qc4 Bg6 14. Nc3 Rc8 15. Be3 Nce4 16. Qb5 Nxc3 17. bxc3 Nd5 18. Qxb7 Nxe3 19. fxe3 Bg5 20. Nf5 Rxc3 21. Bd3 Bxf5 22. Rxf5 Bxe3+ 23. Kh1 Rc7 24. Qe4 Re8 25. Rd5 1-0

[Event "EU-chT (Men)"]
[Site "Pula"]
[Date "1997.??.??"]
[Round "8"]
[White "Short, Nigel D"]
[Black "Bareev, Evgeny"]
[Result "1/2-1/2"]
[WhiteElo "2690"]
[BlackElo "2665"]
[PlyCount "105"]
[EventDate "1997.05.05"]
[Source "ChessBase"]

1. e4 e6 2. d4 d5 3. exd5 exd5 4. Nf3 Bd6 5. c4 dxc4 6. Bxc4 Nf6 7. O-O O-O 8. h3 h6 9. Nc3 Nc6 10. Re1 Re8 11. Be3 Bf5 12. a3 a6 13. Nh4 Bh7 14. Qf3 Qd7 15. g4 Rad8 16. Red1 Bf8 17. Ng2 Ne4 18. Bd3 Nd6 19. Bxh7+ Kxh7 20. Bf4 g6 21. Bxd6 cxd6 22. Rd3 Bg7 23. Rad1 Rf8 24. Ne3 f5 25. gxf5 gxf5 26. Kh2 Rde8 27. Ned5 f4 28. b4 Qf7 29. a4 Kh8 30. b5 Nd8 31. bxa6 bxa6 32. h4 Nc6 33. R3d2 Qf5 34. Nc7 Rc8 35. N7d5 Rf7 36. Rd3 Re8 37. R3d2 Re6 38. Qh3 f3 39. Qxf5 Rxf5 40. Kh3 Rf7 41. Rd3 Kh7 42. R3d2 Kh8 43. Rd3 Kh7 44. R3d2 Kg8 45. Rd3 Kh8 46. R3d2 Re8 47. Rd3 Re6 48. R3d2 Rg6 49. Rd3 Kh7 50. R3d2 Rf5 51. Rd3 Rf8 52. Ne4 Rf5 53. Nec3 1/2-1/2

[Event "8th It"]
[Site "Montreal CAN"]
[Date "2007.07.20"]
[Round "2"]
[White "Short, N."]
[Black "Harikrishna, P."]
[Result "0-1"]
[WhiteElo "2683"]
[BlackElo "2664"]
[PlyCount "38"]
[EventDate "2007.07.19"]
[Source "www.chesslib.no"]
[SourceDate "2004.05.04"]

1. e4 e5 2. Nf3 Nf6 3. Nxe5 d6 4. Nf3 Nxe4 5. d3 Nf6 6. d4 d5 7. Bd3 Bd6 8. O-O O-O 9. h3 h6 10. Nc3 c6 11. Re1 Re8 12. Rxe8+ Nxe8 13. Ne5 Nd7 14. Bf4 Nf8 15. Qh5 Be6 16. Rb1 f6 17. Ng6 Bf7 18. Bxd6 Nxd6 19. g4 Ne4 0-1

[Event "Eurotel Trophy"]
[Site "Prague"]
[Date "2002.04.29"]
[Round "1.4"]
[White "Shirov, Alexei"]
[Black "Gurevich, Mikhail"]
[Result "1-0"]
[WhiteElo "2704"]
[BlackElo "2641"]
[PlyCount "75"]
[EventDate "2002.04.28"]
[Source "ChessBase"]
[SourceDate "2002.08.12"]

1. e4 e6 2. d4 d5 3. exd5 exd5 4. Nf3 Bd6 5. Bd3 Ne7 6. O-O Bg4 7. h3 Bh5 8. Bg5 Nbc6 9. c3 f6 10. Bh4 Qd7 11. Nbd2 O-O-O 12. b4 g5 13. Bg3 Bxg3 14. fxg3 Qd6 15. Qe1 Rde8 16. Qf2 Bg6 17. Bxg6 hxg6 18. g4 Nd8 19. Ne1 f5 20. gxf5 gxf5 21. Nd3 f4 22. Ne5 Nf5 23. Ndf3 Qh6 24. Rfe1 Ne3 25. Nh2 Qh7 26. Re2 Nf7 27. Neg4 Re6 28. Nxe3 Rhe8 29. Rae1 Qd3 30. Nhg4 Qxc3 31. Nxd5 Qxe1+ 32. Qxe1 Rxe2 33. Qc3 c6 34. Ndf6 Re1+ 35. Kh2 R8e2 36. d5 Nd6 37. dxc6 Nf5 38. Qd3 1-0

[Event "Enghien les Bains"]
[Site "Enghien les Bains"]
[Date "2001.04.11"]
[Round "1"]
[White "Grischuk, Alexander"]
[Black "Akopian, Vladimir"]
[Result "1/2-1/2"]
[WhiteElo "2668"]
[BlackElo "2654"]
[PlyCount "39"]
[EventDate "2001.04.11"]
[Source "ChessBase"]
[SourceDate "2001.07.05"]

1. e4 e6 2. d4 d5 3. exd5 exd5 4. Nf3 Nf6 5. Bd3 Bd6 6. O-O O-O 7. Bg5 Bg4 8. Nbd2 Nbd7 9. c4 dxc4 10. Nxc4 Re8 11. Nxd6 cxd6 12. Qb3 Bxf3 13. gxf3 h6 14. Bh4 Qa5 15. Bg3 Nf8 16. Qxb7 Ne6 17. Qb5 Qd8 18. Qb4 Rb8 19. Qxd6 Rxb2 20. Qxd8 1/2-1/2

[Event "Interzonal"]
[Site "Biel izt"]
[Date "1993.??.??"]
[Round "?"]
[White "Gurevich, Mikhail N"]
[Black "Ivanchuk, Vassily"]
[Result "1/2-1/2"]
[WhiteElo "2610"]
[BlackElo "2710"]
[PlyCount "99"]
[EventDate "1993.??.??"]
[Source "www.chesslib.no"]
[SourceDate "2004.05.04"]

1. e4 e6 2. d4 d5 3. exd5 exd5 4. Nf3 Nf6 5. Bd3 Bd6 6. O-O O-O 7. Bg5 Bg4 8. c3 Nbd7 9. Nbd2 c5 10. Qc2 h6 11. dxc5 Nxc5 12. Bh4 Re8 13. Bb5 Bd7 14. Bxd7 Ncxd7 15. Nd4 a6 16. Nf5 Bf8 17. Rad1 Qb6 18. Nb3 Re4 19. Bxf6 Nxf6 20. Ne3 Re5 21. Rd3 Rae8 22. Nd4 Bc5 23. g3 h5 24. b4 Bxd4 25. Rxd4 Qe6 26. Qd3 g6 27. a4 Rc8 28. Rd1 Rc6 29. a5 Kh7 30. Kg2 Qc8 31. c4 dxc4 32. Nxc4 Ree6 33. Nb6 Qc7 34. Qf3 Rc3 35. Rd7 Qxd7 36. Nxd7 Rxf3 37. Kxf3 Rc6 38. Ne5 Rc7 39. Rd4 Kg7 40. h3 Kf8 41. g4 hxg4+ 42. hxg4 Ke7 43. g5 Nd7 44. Nxd7 Rxd7 45. Rxd7+ Kxd7 46. Ke4 Ke6 47. Kd4 Kd6 48. f3 Kc6 49. Ke5 Kd7 50. b5 1/2-1/2

[Event "Dortmund"]
[Site "Dortmund"]
[Date "1995.??.??"]
[Round "8"]
[White "Short, Nigel D"]
[Black "Beliavsky, Alexander G"]
[Result "1-0"]
[WhiteElo "2645"]
[BlackElo "2650"]
[PlyCount "35"]
[EventDate "1995.07.??"]
[Source "ChessBase"]

1. e4 e6 2. d4 d5 3. Nc3 Bb4 4. exd5 exd5 5. Bd3 Nc6 6. a3 Bxc3+ 7. bxc3 Qf6 8. Rb1 Nge7 9. Ne2 Ng6 10. O-O O-O 11. f4 Bf5 12. Bxf5 Qxf5 13. Ng3 Qd7 14. f5 Nge7 15. f6 Nc8 16. fxg7 Re8 17. Nh5 Re6 18. Qg4 1-0

[Event "It \"]
[Site "Moscow RUS"]
[Date "1995.??.??"]
[Round "8"]
[White "Bareev, Evgeny I"]
[Black "Speelman, Jonathan S"]
[Result "0-1"]
[WhiteElo "2675"]
[BlackElo "2610"]
[PlyCount "64"]
[EventDate "1995.??.??"]
[Source "www.chesslib.no"]
[SourceDate "2004.05.04"]

1. d4 e6 2. e4 d5 3. exd5 exd5 4. Nf3 Nf6 5. Bd3 Bd6 6. O-O O-O 7. Bg5 h6 8. Bh4 Re8 9. Re1 Nbd7 10. Nbd2 c6 11. c3 Rxe1+ 12. Qxe1 Nf8 13. Ne5 g5 14. Bg3 Nh5 15. Qe2 Ng7 16. Nf1 h5 17. h3 Be6 18. Re1 Qc7 19. h4 f6 20. Nf3 g4 21. N3d2 Re8 22. Qd1 f5 23. Bxd6 Qxd6 24. g3 f4 25. Re5 fxg3 26. Nxg3 Bf7 27. f4 Qf6 28. Ndf1 Qxf4 29. Rxe8 Nxe8 30. Qe2 Bg6 31. Kg2 Qf6 32. Ne3 Ne6 0-1

[Event "Malmo"]
[Site "Malmo"]
[Date "1996.??.??"]
[Round "9"]
[White "Kortschnoj, Viktor"]
[Black "Miles, Anthony J"]
[Result "1/2-1/2"]
[WhiteElo "2645"]
[BlackElo "2635"]
[PlyCount "101"]
[EventDate "1996.06.??"]
[Source "ChessBase"]

1. d4 e6 2. e4 d5 3. Nc3 Bb4 4. exd5 exd5 5. Bd3 Ne7 6. Nge2 O-O 7. O-O Bf5 8. Ng3 Bg6 9. a3 Bxc3 10. bxc3 Nbc6 11. a4 Qd7 12. Ba3 Rfe8 13. f4 Bxd3 14. cxd3 Nf5 15. Qg4 g6 16. Nxf5 Qxf5 17. Qxf5 gxf5 18. Rfe1 f6 19. Kf2 Kf7 20. Rxe8 Rxe8 21. Re1 Rxe1 22. Kxe1 a5 23. Kd2 Kg6 24. h3 Kh5 25. Ke3 Na7 26. c4 Nc8 27. Bc5 c6 28. Ke2 Kg6 29. Kd2 Kf7 30. Kc2 Ke6 31. Kb3 b6 32. Ba3 Na7 33. Bf8 h5 34. Ba3 Kd7 35. Kc3 Nc8 36. h4 Kc7 37. Kb3 Kd8 38. Bf8 Ke8 39. Ba3 Kd7 40. Bf8 Kd8 41. Ba3 Na7 42. Kc3 Ke8 43. Kb3 Kd7 44. Bf8 Nc8 45. Ba3 Kc7 46. Bf8 b5 47. Bc5 b4 48. Kb2 Kb7 49. Kc2 Kc7 50. Kb2 Nd6 51. Bxd6+ 1/2-1/2

[Event "Tilburg"]
[Site "Tilburg"]
[Date "1990.??.??"]
[Round "7"]
[White "Short, Nigel D"]
[Black "Timman, Jan H"]
[Result "1-0"]
[WhiteElo "2610"]
[BlackElo "2660"]
[PlyCount "85"]
[EventDate "1990.09.??"]
[Source "ChessBase"]

1. e4 e6 2. d4 d5 3. Nc3 Bb4 4. exd5 exd5 5. Bd3 Nc6 6. a3 Bxc3+ 7. bxc3 Nge7 8. Qf3 Be6 9. Nh3 Qd7 10. Nf4 Bf5 11. O-O O-O-O 12. a4 g5 13. Ne2 h6 14. Ba3 Bxd3 15. cxd3 Ng6 16. Ng3 Nh4 17. Qf6 Rhg8 18. Qxh6 f5 19. Rfe1 f4 20. Nf1 Rde8 21. Qh5 Rxe1 22. Rxe1 f3 23. g3 Ng2 24. Rb1 Qf5 25. Nd2 Nh4 26. Kh1 Qxd3 27. gxh4 gxh4 28. Qf7 Rd8 29. Qe6+ Kb8 30. Qe3 Qc2 31. Rg1 Qxa4 32. Bc1 a5 33. Nxf3 Qb3 34. Nxh4 a4 35. Nf3 a3 36. c4 Qxe3 37. fxe3 a2 38. Bd2 Rf8 39. cxd5 Rxf3 40. dxc6 Rf2 41. Bc3 Re2 42. d5 bxc6 43. dxc6 1-0

[Event "Yerevan"]
[Site "?"]
[Date "1996.??.??"]
[Round "9"]
[White "Polgar Judit"]
[Black "Timman Jan Hein"]
[Result "1/2-1/2"]
[WhiteElo "2665"]
[BlackElo "2590"]
[PlyCount "27"]
[EventDate "1996.??.??"]
[Source "www.chesslib.no"]
[SourceDate "2004.05.04"]

1. e4 e5 2. Nf3 Nf6 3. Nxe5 d6 4. Nf3 Nxe4 5. d3 Nf6 6. d4 d5 7. Bd3 Bd6 8. O-O O-O 9. h3 Nc6 10. c4 Nb4 11. c5 Nxd3 12. Qxd3 Be7 13. Nc3 b6 14. Be3 1/2-1/2

[Event "Beograd"]
[Site "?"]
[Date "1991.??.??"]
[Round "?"]
[White "Gurevich, M."]
[Black "Nikolic, P."]
[Result "1-0"]
[WhiteElo "2630"]
[BlackElo "2625"]
[PlyCount "115"]
[EventDate "1991.??.??"]
[Source "ChessBase"]
[SourceDate "1991.10.01"]

1. d4 d5 2. c4 c6 3. Nc3 e5 4. e3 exd4 5. exd4 Nf6 6. Nf3 Bd6 7. c5 Be7 8. Bd3 b6 9. cxb6 axb6 10. O-O Ba6 11. Bxa6 Rxa6 12. Qd3 O-O 13. Bg5 h6 14. Bh4 Nh5 15. Bxe7 Qxe7 16. Rfe1 Qd8 17. Ne5 b5 18. a3 Nd7 19. Nxd7 Qxd7 20. Na2 Nf4 21. Qf3 Ne6 22. Nb4 Raa8 23. Qc3 Rac8 24. Rac1 c5 25. dxc5 Rxc5 26. Qf3 Rxc1 27. Rxc1 Rc8 28. Rd1 d4 29. h4 Rc5 30. g3 Qc8 31. Nd3 Rc7 32. Qd5 Qb7 33. Qxb7 Rxb7 34. Re1 Kf8 35. Re5 Nd8 36. Nb4 f6 37. Rd5 Nf7 38. Rxd4 Ne5 39. Kg2 Kf7 40. Nd3 Nc4 41. a4 Ke7 42. axb5 Nd6 43. Rb4 Nxb5 44. Nc5 Rb8 45. Nb3 Rb7 46. Nd4 Nd6 47. Nf5+ Kf8 48. Rxb7 Nxb7 49. h5 Kf7 50. b4 g6 51. hxg6+ Kxg6 52. Nd4 Kg5 53. b5 f5 54. f4+ Kf6 55. b6 Nd6 56. Kh3 Kg6 57. Nc6 Nb7 58. Ne5+ 1-0

[Event "Buenos Aires ARG"]
[Site "Buenos Aires ARG"]
[Date "1979.??.??"]
[Round "?"]
[White "Miles, Anthony J"]
[Black "Korchnoi, Viktor L"]
[Result "1/2-1/2"]
[WhiteElo "2560"]
[BlackElo "2695"]
[PlyCount "27"]
[EventDate "1979.??.??"]
[Source "www.chesslib.no"]
[SourceDate "2004.05.04"]

1. e4 e6 2. d4 d5 3. Nc3 Bb4 4. exd5 exd5 5. Bd3 Nc6 6. a3 Bxc3+ 7. bxc3 Nge7 8. Qh5 Be6 9. Ne2 Qd7 10. O-O h6 11. Re1 Bg4 12. Qh4 O-O-O 13. h3 Bf5 14. Ra2 1/2-1/2

[Event "EU-ch 2nd"]
[Site "Ohrid"]
[Date "2001.06.14"]
[Round "13"]
[White "Bologan, Viktor"]
[Black "Psakhis, Lev"]
[Result "1/2-1/2"]
[WhiteElo "2676"]
[BlackElo "2575"]
[PlyCount "21"]
[EventDate "2001.06.01"]
[Source "ChessBase"]
[SourceDate "2001.09.13"]

1. e4 e6 2. d4 d5 3. exd5 exd5 4. Nf3 Bf5 5. Bd3 Bg6 6. O-O Bd6 7. b3 Ne7 8. c4 c6 9. Ba3 O-O 10. Bxg6 Nxg6 11. Re1 1/2-1/2

[Event "Europa ch 2008"]
[Site "Plovdiv BUL"]
[Date "2008.04.27"]
[Round "7.18"]
[White "Bologan, Viktor"]
[Black "Aleksandrov, Aleksej"]
[Result "1-0"]
[WhiteElo "2665"]
[BlackElo "2582"]
[PlyCount "77"]
[EventDate "2008.04.21"]
[Source "www.chesslib.no"]
[SourceDate "2004.05.04"]

1. e4 e6 2. d4 d5 3. exd5 exd5 4. Nf3 Nc6 5. Bb5 Bd6 6. O-O Nge7 7. c4 dxc4 8. Bxc4 O-O 9. h3 Nf5 10. Be3 h6 11. Nc3 Re8 12. Re1 a6 13. a3 Rb8 14. Rc1 Bd7 15. Ba2 b5 16. Bb1 b4 17. Ne4 Nxe3 18. fxe3 bxa3 19. Nxd6 cxd6 20. bxa3 Ne7 21. Qd3 Ng6 22. Ba2 Rb2 23. Bxf7+ Kxf7 24. Rf1 Bb5 25. Nh4+ Kg8 26. Qxg6 Bxf1 27. Rxf1 Rf8 28. Nf5 Rxf5 29. Qe6+ Kh8 30. Qxf5 Rb5 31. Qe6 Rg5 32. Rc1 Kh7 33. Qe4+ Kh8 34. Rc6 Qa8 35. Qc2 Rc5 36. Rxc5 dxc5 37. Qxc5 Kg8 38. d5 Kf7 39. Qc7+ 1-0

[Event "Masters"]
[Site "Singapore SIN"]
[Date "2006.12.28"]
[Round "6"]
[White "Zhang Zhong"]
[Black "Zhang Pengxiang"]
[Result "1/2-1/2"]
[WhiteElo "2609"]
[BlackElo "2636"]
[PlyCount "23"]
[EventDate "2006.12.26"]
[Source "www.chesslib.no"]
[SourceDate "2004.05.04"]

1. e4 e6 2. d4 d5 3. Nc3 Bb4 4. exd5 exd5 5. Bd3 Nc6 6. a3 Bxc3+ 7. bxc3 Qf6 8. Qf3 Qxf3 9. Nxf3 Bg4 10. Nh4 Nge7 11. f4 g6 12. O-O 1/2-1/2

[Event "Buenos Aires sim"]
[Site "Buenos Aires ARG"]
[Date "1992.??.??"]
[Round "2"]
[White "Kasparov, Gary"]
[Black "Panno, Oscar R"]
[Result "1/2-1/2"]
[WhiteElo "2780"]
[BlackElo "2465"]
[PlyCount "59"]
[EventDate "1992.??.??"]
[Source "www.chesslib.no"]
[SourceDate "2004.05.04"]

1. e4 e6 2. d4 d5 3. exd5 exd5 4. Nf3 Nf6 5. Bd3 Bg4 6. O-O Be7 7. Bg5 Nbd7 8. Re1 O-O 9. Nbd2 Re8 10. c3 c6 11. Qc2 Bxf3 12. Nxf3 g6 13. c4 dxc4 14. Bxc4 Nb6 15. Bb3 Nfd5 16. Bh6 a5 17. a3 a4 18. Ba2 Nc7 19. Re4 Nbd5 20. Rae1 Bf6 21. h4 Rxe4 22. Rxe4 Ne6 23. h5 Ng7 24. hxg6 hxg6 25. Bd2 Nf5 26. Rg4 Bg7 27. Bc3 Qd7 28. Ne5 Qe6 29. Re4 Nd6 30. Re2 1/2-1/2

[Event "Skelleftea"]
[Site "?"]
[Date "1989.??.??"]
[Round "?"]
[White "Kortchnoi, V."]
[Black "Vaganian, R."]
[Result "1-0"]
[WhiteElo "2655"]
[BlackElo "2585"]
[PlyCount "123"]
[EventDate "1989.??.??"]
[Source "ChessBase"]
[SourceDate "1989.07.01"]

1. e4 e6 2. d4 d5 3. Nc3 Bb4 4. exd5 exd5 5. Bd3 c6 6. Bf4 Ne7 7. Qh5 Nd7 8. Bg5 h6 9. Nf3 Rg8 10. O-O hxg5 11. Nxg5 g6 12. Qh7 Nf8 13. Qxf7+ Kd7 14. Rae1 Kc7 15. Re2 Bd7 16. f4 Rh8 17. Qg7 Rh5 18. Rfe1 Nf5 19. Bxf5 gxf5 20. Nf7 Qh4 21. g3 Qg4 22. Qe5+ Kb6 23. a3 Re8 24. Nxd5+ cxd5 25. Qf6+ Bc6 26. Rxe8 Bxe1 27. Rxe1 Nd7 28. Qd8+ Ka6 29. b4 Nb6 30. Ng5 Rh6 31. Qf8 Rg6 32. Qc5 Nc4 33. Ne6 Rxe6 34. Rxe6 Qd1+ 35. Kg2 Qxc2+ 36. Kh3 Qa4 37. Kh4 Nd2 38. Qxd5 Qb5 39. Qxb5+ Kxb5 40. Re5+ Kc4 41. Rxf5 Nf3+ 42. Kh5 Nxh2 43. g4 Bf3 44. Rg5 Kxd4 45. Kh4 Ke4 46. f5 Bd1 47. Rg7 Ke5 48. Kh3 Nxg4 49. Rxg4 Bc2 50. Rg5 Bxf5+ 51. Kg3 Kf6 52. Kf4 Bd7 53. Re5 Bc6 54. Ra5 a6 55. Re5 b6 56. Re2 a5 57. Re5 axb4 58. axb4 Bg2 59. Rb5 Ke6 60. Ke3 Bf1 61. Rxb6+ Ke5 62. Rc6 1-0

[Event "Bundesliga 2002-3"]
[Site "Bremen"]
[Date "2003.03.29"]
[Round "14"]
[White "Hodgson, Julian M"]
[Black "Pelletier, Yannick"]
[Result "1-0"]
[WhiteElo "2608"]
[BlackElo "2624"]
[PlyCount "81"]
[EventDate "2003.01.10"]
[Source "Roberto Alvarez"]
[SourceDate "2003.04.07"]

1. d4 e6 2. e4 d5 3. Nc3 Bb4 4. exd5 exd5 5. Bd3 Nc6 6. a3 Bxc3+ 7. bxc3 Nce7 8. Rb1 Nf6 9. Ne2 Ne4 10. c4 c6 11. O-O O-O 12. cxd5 cxd5 13. c4 b6 14. cxd5 Bf5 15. g4 Bg6 16. f4 f5 17. Bxe4 fxe4 18. f5 Bf7 19. Bg5 Re8 20. Nf4 Qd6 21. Bxe7 Rxe7 22. Qb3 Rd8 23. Qe3 Bxd5 24. Rbc1 b5 25. Rfd1 Bc4 26. d5 Qh6 27. Rd4 Qg5 28. h3 h5 29. Ng2 Qf6 30. Rcd1 hxg4 31. hxg4 Re5 32. Nf4 g5 33. Nh5 Qh6 34. Rxe4 Rxe4 35. Qxe4 Qd6 36. Qe3 Kf8 37. Qxg5 Qc5+ 38. Kg2 Bxd5+ 39. Kg3 Qc7+ 40. Nf4 Rd6 41. f6 1-0

[Event "It (Men) Cuernavaca MEX"]
[Site "?"]
[Date "2006.02.09"]
[Round "7"]
[White "Felgaer Ruben"]
[Black "Cheparinov Ivan"]
[Result "0-1"]
[WhiteElo "2607"]
[BlackElo "2625"]
[PlyCount "111"]
[EventDate "2006.??.??"]
[Source "www.chesslib.no"]
[SourceDate "2004.05.04"]

1. e4 e6 2. d4 d5 3. Nc3 Bb4 4. exd5 exd5 5. Bd3 Nc6 6. Nge2 Nge7 7. O-O Bg4 8. Be3 Bxc3 9. bxc3 Na5 10. Qb1 O-O 11. f3 Bf5 12. Ng3 Bxd3 13. cxd3 Qd7 14. Qb4 b6 15. Rae1 Rfe8 16. Re2 Nf5 17. Rfe1 Nxg3 18. hxg3 f6 19. g4 h6 20. Kf2 Kf7 21. Bc1 Rxe2+ 22. Rxe2 Re8 23. Rxe8 Qxe8 24. Ba3 a6 25. f4 Nc6 26. Qa4 Qd7 27. c4 Ke8 28. Qxa6 Qxg4 29. g3 Qd7 30. Qa8+ Kf7 31. Qf8+ Kg6 32. cxd5 Nxd4 33. Bb2 Qa4 34. Bxd4 Qxd4+ 35. Ke2 Qxd5 36. Qe8+ Kh7 37. Ke3 f5 38. Qc8 c5 39. a4 Kg6 40. Qe8+ Kf6 41. Qf8+ Qf7 42. Qb8 Qe6+ 43. Kf2 g5 44. a5 bxa5 45. Qd8+ Kg6 46. Qxa5 Qd6 47. fxg5 hxg5 48. Qb5 Qd4+ 49. Kg2 Qe3 50. Qc4 Qe2+ 51. Kg1 Qf3 52. Kh2 Qf2+ 53. Kh1 Qxg3 54. Qxc5 Qxd3 55. Qc6+ Kh5 56. Qc5 0-1

[Event "AUT Team Ch"]
[Site "Austria"]
[Date "1993.??.??"]
[Round "?"]
[White "Blatny, Pavel"]
[Black "Karpov, Anatoly"]
[Result "1/2-1/2"]
[WhiteElo "2505"]
[BlackElo "2725"]
[PlyCount "45"]
[EventDate "1993.??.??"]
[Source "www.chesslib.no"]
[SourceDate "2004.05.04"]

1. e4 e6 2. d4 d5 3. exd5 exd5 4. Nf3 Nc6 5. c3 Bd6 6. Bd3 Nge7 7. O-O Bg4 8. Re1 Qd7 9. Bg5 f6 10. Bh4 O-O 11. Bg3 Rae8 12. Nbd2 Nd8 13. Qc2 g6 14. h3 Bf5 15. Nf1 c6 16. Ne3 Bxd3 17. Qxd3 Bxg3 18. fxg3 Nf7 19. g4 Nc8 20. Nf1 Ncd6 21. Ng3 Rxe1+ 22. Rxe1 Re8 23. Re2 1/2-1/2

[Event "Buenos Aires sim"]
[Site "Buenos Aires ARG"]
[Date "1992.??.??"]
[Round "1"]
[White "Kasparov, Gary"]
[Black "Rubinetti, Jorge A"]
[Result "1/2-1/2"]
[WhiteElo "2780"]
[BlackElo "2450"]
[PlyCount "94"]
[EventDate "1992.??.??"]
[Source "www.chesslib.no"]
[SourceDate "2004.05.04"]

1. e4 e6 2. d4 d5 3. exd5 exd5 4. Nf3 Nf6 5. Bd3 Be7 6. h3 O-O 7. O-O Re8 8. Re1 Bf8 9. Bg5 Rxe1+ 10. Qxe1 Qe8 11. Nc3 Qxe1+ 12. Rxe1 Be6 13. Bxf6 gxf6 14. Ne2 Bd6 15. Ng3 Bxg3 16. fxg3 Nc6 17. c3 Ne7 18. g4 h6 19. Kf2 Nc8 20. Nd2 Nd6 21. Nf1 f5 22. gxf5 Nxf5 23. Bxf5 Bxf5 24. Re5 Be6 25. Ng3 Rd8 26. Nh5 Rd6 27. Nf4 Rb6 28. b3 Ra6 29. Re2 Rd6 30. g4 Bd7 31. Re5 c6 32. Ke3 Kf8 33. c4 dxc4 34. bxc4 b6 35. a4 Be8 36. a5 Rd7 37. Kd3 Re7 38. axb6 axb6 39. Rxe7 Kxe7 40. c5 bxc5 41. dxc5 Bd7 42. Ke4 f6 43. Nh5 Kf7 44. Ng3 Kg6 45. Kf4 Bc8 46. h4 Bd7 47. Ne2 Bc8 1/2-1/2

[Event "Calviá ol (Men)"]
[Site "Mallorca"]
[Date "2004.10.28"]
[Round "13.2"]
[White "Vallejo Pons, Francisco"]
[Black "Iuldachev, Saidali"]
[Result "0-1"]
[WhiteElo "2678"]
[BlackElo "2550"]
[PlyCount "66"]
[EventDate "2004.10.15"]
[Source "Roberto Alvarez"]
[SourceDate "2004.10.25"]

1. d4 d5 2. c4 dxc4 3. e3 e5 4. Bxc4 exd4 5. exd4 Bd6 6. Nf3 Nf6 7. O-O O-O 8. Nc3 Nc6 9. h3 h6 10. a3 a6 11. Bd2 Re8 12. Qc2 Bf8 13. Qb3 Qd7 14. Nd5 Ne4 15. Qc2 b5 16. Ba2 Bb7 17. Be3 Nxd4 18. Bxd4 Bxd5 19. Bxd5 Qxd5 20. Qxc7 Nd2 21. Nxd2 Qxd4 22. Qc3 Qxc3 23. bxc3 Rac8 24. Rfc1 Be7 25. Rc2 Bf6 26. Rac1 Bg5 27. h4 Bxh4 28. c4 Bg5 29. cxb5 Rcd8 30. b6 Bxd2 31. Rd1 Bf4 32. Rb1 Rb8 33. a4 Rxb6 0-1